000 00490nam a2200181Ia 4500
008 210719s2019 xx 000 0 und d
020 _a978-93-88913-49-2
041 _aeng
082 _a574.5 NANA
100 _aNANDINI (N);SUNITHA (N);TANDON (Sucharita)
245 _aAECC environmental studies
260 _aBengaluru
_bSapna book house
_c2019
300 _axxi,604
_bPB
365 _b395
_cRs
650 _aEcology
650 _aEcology
906 _aAECC ; environmental ; studies
999 _c212026
_d212026